Qur'aanic Information (Record no. 33751)
[ view plain ]
| 000 -LEADER | |
|---|---|
| fixed length control field | 00416nam a22001697a 4500 |
| 005 - DATE AND TIME OF LATEST TRANSACTION | |
| control field | 20231011153633.0 |
| 008 - FIXED-LENGTH DATA ELEMENTS--GENERAL INFORMATION | |
| fixed length control field | 231003b |||||||| |||| 00| 0 eng d |
| 082 ## - DEWEY DECIMAL CLASSIFICATION NUMBER | |
| Classification number | 297.1 |
| Item number | KHA |
| 100 ## - MAIN ENTRY--AUTHOR | |
| Author Name | Abdul Waheed Khan |
| 245 ## - TITLE STATEMENT | |
| Title | Qur'aanic Information |
| 260 ## - PUBLICATION, DISTRIBUTION, ETC. | |
| Place of Publication | Pakistan |
| Date of publication, distribution, etc. | 2019 |
| 300 ## - PHYSICAL DESCRIPTION | |
| Pages | 301 |
| 500 ## - GENERAL NOTE | |
| General note | References are Given.<br/> |
| 650 ## - SUBJECT ADDED ENTRY--TOPICAL TERM | |
| Subject / Department | literature |
| 700 ## - ADDED ENTRY--PERSONAL NAME | |
| Personal name | Abdul Waheed Khan |
| 942 ## - ADDED ENTRY ELEMENTS (KOHA) | |
| -- | Book |
| -- | BOOK |
| 952 ## - LOCATION AND ITEM INFORMATION (KOHA) | |
| -- | 0 |
| -- | 0 |
| 952 ## - LOCATION AND ITEM INFORMATION (KOHA) | |
| -- | 0 |
| -- | 0 |
| Lost status | Damaged status | Collection code | Permanent Location | Current Location | Shelving Location | Date acquired | Full Call Number | Accession No./Barcode | Date last seen | Copy number | item type |
|---|---|---|---|---|---|---|---|---|---|---|---|
| Literature/Urdu/eng/Islamic | Superior Information Resource Center (SIRC) Superior University- Central Library | Superior Information Resource Center (SIRC) Superior University- Central Library | literature | 10/03/2023 | 297.1 KHA-Q 2019 | 20630 | 10/03/2023 | 1 | BOOK | ||
| Literature/Urdu/eng/Islamic | Superior Information Resource Center (SIRC) Superior University- Central Library | Superior Information Resource Center (SIRC) Superior University- Central Library | literature | 10/03/2023 | 297.1 KHA-Q 2019 | 20631 | 10/03/2023 | 2 | BOOK |
